Indian English Literature in Contemporary Context/ (Record no. 214829)

MARC details
000 -LEADER
fixed length control field 00669nam a22002057a 4500
005 - DATE AND TIME OF LATEST TRANSACTION
control field 20260212115207.0
010 ## - LCCN (DPL NO)
LC control number ENG-147828
020 ## - INTERNATIONAL STANDARD BOOK NUMBER
International Standard Book Number 9789391657987
Terms of availability 695.00
035 ## - SYSTEM CONTROL NUMBER
System control number EN-131360
037 ## - SOURCE OF ACQUISITION
Source of stock number/acquisition DBAD
082 ## - DEWEY DECIMAL CLASSIFICATION NUMBER
Classification number 891.4
Edition number 1
245 ## - TITLE STATEMENT
Title Indian English Literature in Contemporary Context/
Statement of responsibility, etc Edited By Subhash Singh [and] Neena
250 ## - EDITION STATEMENT
Edition statement 1
260 ## - PUBLICATION, DISTRIBUTION, ETC. (IMPRINT)
Place of publication, distribution, etc New Delhi
Name of publisher, distributor, etc Aryan Publication
Date of publication, distribution, etc 2025
270 ## - ADDRESS
Address 110,Gali no.4, Harphool Vihar,Bapraula
City New Delhi
Postal code 110043
Electronic mail address aryanpublication@gmail.com
300 ## - PHYSICAL DESCRIPTION
Extent 218p.
Dimensions 22cm(hb)
700 ## - ADDED ENTRY--PERSONAL NAME
Personal name Subhash Singh
Relator term Editor
9 (RLIN) 87329
700 ## - ADDED ENTRY--PERSONAL NAME
Personal name Neena
Relator term Editor
9 (RLIN) 87330
942 ## - ADDED ENTRY ELEMENTS (KOHA)
Source of classification or shelving scheme Dewey Decimal Classification
Item type English Books
Classification part 891.4
Call number suffix IND
Holdings
Withdrawn status Lost status Not for loan Collection code Home library Current library Date acquired Source of acquisition Cost, normal purchase price Full call number Barcode Copy number Cost, replacement price Koha item type
      Non-fiction Patel Nagar Patel Nagar 12/02/2026 Delivery of Books Act Division 695.00 891.4 IND EN-131360 1 695.00 English Books

© Delhi Public Library
Hit Counter
free hit counter